000 00742nam a2200289Ia 4500
005 20260324124555.0
008 008 260324s9999 xx 000 0 eng d
020 _a9781315218991
037 _aEBOOK
040 _aCRL
040 _beng
040 _cCRL
041 _2eng
041 _aeng
084 _qCRL
100 _aStephen M. Goodnick; Dragica Vasileska; Gerhard Klimeck
_91174674
245 0 _aComputational Electronics
245 0 _bSemiclassical and Quantum Device Modeling and Simulation
260 _bTaylor and Francis
260 _c2010
365 _a
365 _b340
856 _uhttp://www.taylorfrancis.com/books/9781315218991
942 _cEBOOK
999 _c1769167
_d1769167